MARC details
| 000 -LEADER |
| campo de control de longitud fija |
01485cac a2200253 a 4500 |
| 003 - IDENTIFICADOR DE NÚMERO DE CONTROL |
| campo de control |
Co-PeBPM |
| 005 - FECHA Y HORA DE LA ÚLTIMA TRANSACCIÓN |
| campo de control |
20260326093706.0 |
| 008 - DATOS DE LONGITUD FIJA--INFORMACIÓN GENERAL |
| campo de control de longitud fija |
231129s1989||||ck o||||||||||||| ||spa|| |
| 020 ## - NÚMERO INTERNACIONAL ESTÁNDAR DEL LIBRO |
| Número Internacional Estándar del Libro |
8422607417 |
| 040 ## - FUENTE DE CATALOGACIÓN |
| Centro catalogador/agencia de origen |
Co-PeBPM |
| Lengua de catalogación |
spa |
| Centro/agencia transcriptor |
Co-PeBPM |
| Normas de descripción |
rda |
| 041 ## - CÓDIGO DE IDIOMA |
| Código de lengua del texto/banda sonora o título independiente |
spa |
| 082 04 - NÚMERO DE LA CLASIFICACIÓN DECIMAL DEWEY |
| Número de clasificación |
001.53 V583e |
| Número de edición |
22 |
| 100 1# - ENTRADA PRINCIPAL--NOMBRE DE PERSONA |
| Nombre de persona |
Vester, Frederic |
| Término indicativo de función/relación |
autor |
| 245 10 - MENCIÓN DEL TÍTULO |
| Título |
La edad cibernética |
| Resto del título |
: Nuevas dimensiones del pensamiento |
| Mención de responsabilidad, etc. |
/ Frederic Vester; traducido por Luis Romero Haces |
| 264 ## - PRODUCCIÓN, PUBLICACIÓN, DISTRIBUCIÓN, FABRICACIÓN Y COPYRIGHT |
| Producción, publicación, distribución, fabricación y copyright |
Bogotá, Colombia |
| Nombre del de productor, editor, distribuidor, fabricante |
: Círculo de Lectores |
| Fecha de producción, publicación, distribución, fabricación o copyright |
, 1989 |
| 300 ## - DESCRIPCIÓN FÍSICA |
| Extensión |
393 páginas |
| Otras características físicas |
; fotos a blanco y negro |
| Dimensiones |
; 20 centímetros |
| 500 ## - NOTA GENERAL |
| Nota general |
Incluye índice |
| 520 3# - RESUMEN, ETC. |
| Sumario, etc. |
La Edad Cibernética marca una evolución donde la tecnología deja de ser un objeto externo para convertirse en una extensión de la mente, diluyendo la frontera entre lo físico y lo digital. Esta nueva dimensión del pensamiento se caracteriza por ser no lineal e hipervincular, rompiendo las estructuras tradicionales en favor de una inteligencia colectiva que se construye en red. En este escenario, la identidad se vuelve fluida y la toma de decisiones está mediada por algoritmos, obligándonos a redefinir nuestra autonomía y la forma en que procesamos la realidad en un entorno de interconexión permanente. |
| 650 17 - PUNTO DE ACCESO ADICIONAL DE MATERIA--TÉRMINO DE MATERIA |
| Término de materia o nombre geográfico como elemento de entrada |
Cibernética |
| Fuente del encabezamiento o término |
LEMB |
| 650 17 - PUNTO DE ACCESO ADICIONAL DE MATERIA--TÉRMINO DE MATERIA |
| Término de materia o nombre geográfico como elemento de entrada |
Ciencias de la comunicación |
| Fuente del encabezamiento o término |
LEMB |
| 650 17 - PUNTO DE ACCESO ADICIONAL DE MATERIA--TÉRMINO DE MATERIA |
| Término de materia o nombre geográfico como elemento de entrada |
Filosofía |
| Fuente del encabezamiento o término |
LEMB |
| 700 1# - ENTRADA AGREGADA--NOMBRE PERSONAL |
| Nombre de persona |
Romero Haces, Luis |
| Término indicativo de función/relación |
Traducción |
| 942 ## - ELEMENTOS DE ENTRADA SECUNDARIOS (KOHA) |
| Fuente del sistema de clasificación o colocación |
Clasificación Decimal Dewey |
| Tipo de ítem Koha |
Libros |